Pocket Companion for Physical Examination & Health Assessment / (Record no. 16748)
[ view plain ]
| 000 -LEADER | |
|---|---|
| fixed length control field | 01717cam a22003734a 4500 |
| 001 - CONTROL NUMBER | |
| control field | 16627386 |
| 005 - DATE AND TIME OF LATEST TRANSACTION | |
| control field | 20110914171503.0 |
| 008 - FIXED-LENGTH DATA ELEMENTS--GENERAL INFORMATION | |
| fixed length control field | 110126s2012 moua bf 001 0 eng |
| 020 ## - INTERNATIONAL STANDARD BOOK NUMBER | |
| International Standard Book Number | 9781437714425 (pbk. : alk. paper) |
| 020 ## - INTERNATIONAL STANDARD BOOK NUMBER | |
| International Standard Book Number | 1437714420 (pbk. : alk. paper) |
| 035 ## - SYSTEM CONTROL NUMBER | |
| System control number | (OCoLC)ocn701672488 |
| 040 ## - CATALOGING SOURCE | |
| Original cataloging agency | DNLM/DLC |
| Transcribing agency | DLC |
| Modifying agency | YDX |
| -- | YDXCP |
| -- | CDX |
| -- | DLC |
| 082 00 - DEWEY DECIMAL CLASSIFICATION NUMBER | |
| Classification number | 616.0751 |
| Edition number | 22 |
| Item number | JAR |
| 100 1# - MAIN ENTRY--PERSONAL NAME | |
| Personal name | Jarvis, Carolyn. |
| 9 (RLIN) | 30012 |
| 245 10 - TITLE STATEMENT | |
| Title | Pocket Companion for Physical Examination & Health Assessment / |
| Statement of responsibility, etc | Carolyn Jarvis ; original illustrations by Pat Thomas ; assessment photographs by Kevin Strandberg. |
| 246 3# - VARYING FORM OF TITLE | |
| Title proper/short title | Pocket companion for physical examination and health assessment |
| 250 ## - EDITION STATEMENT | |
| Edition statement | 6th ed. |
| 260 ## - PUBLICATION, DISTRIBUTION, ETC. (IMPRINT) | |
| Place of publication, distribution, etc | St. Louis, Mo. : |
| Name of publisher, distributor, etc | Elsevier/Saunders, |
| Date of publication, distribution, etc | c2012. |
| 300 ## - PHYSICAL DESCRIPTION | |
| Extent | vi, 291 p. : |
| Other physical details | col. ill. ; |
| Dimensions | 21 cm. |
| 504 ## - BIBLIOGRAPHY, ETC. NOTE | |
| Bibliography, etc | Includes bibliographical references and index. |
| 541 ## - IMMEDIATE SOURCE OF ACQUISITION NOTE | |
| Source of acquisition | Donation from Dr. Shahraze |
| 650 #0 - SUBJECT ADDED ENTRY--TOPICAL TERM | |
| Topical term or geographic name as entry element | Medical history taking |
| Form subdivision | Handbooks, manuals, etc. |
| 9 (RLIN) | 30013 |
| 650 #0 - SUBJECT ADDED ENTRY--TOPICAL TERM | |
| Topical term or geographic name as entry element | Nursing assessment |
| Form subdivision | Handbooks, manuals, etc. |
| 9 (RLIN) | 30014 |
| 650 #2 - SUBJECT ADDED ENTRY--TOPICAL TERM | |
| Topical term or geographic name as entry element | Physical Examination |
| General subdivision | methods |
| Form subdivision | Handbooks. |
| 9 (RLIN) | 30015 |
| 650 #2 - SUBJECT ADDED ENTRY--TOPICAL TERM | |
| Topical term or geographic name as entry element | Physical Examination |
| General subdivision | methods |
| Form subdivision | Nurses' Instruction. |
| 9 (RLIN) | 30016 |
| 650 #2 - SUBJECT ADDED ENTRY--TOPICAL TERM | |
| Topical term or geographic name as entry element | Medical History Taking |
| Form subdivision | Handbooks. |
| 9 (RLIN) | 30017 |
| 650 #2 - SUBJECT ADDED ENTRY--TOPICAL TERM | |
| Topical term or geographic name as entry element | Medical History Taking |
| Form subdivision | Nurses' Instruction. |
| 9 (RLIN) | 30018 |
| 650 #2 - SUBJECT ADDED ENTRY--TOPICAL TERM | |
| Topical term or geographic name as entry element | Nursing Assessment |
| Form subdivision | Handbooks. |
| 9 (RLIN) | 30019 |
| 650 #2 - SUBJECT ADDED ENTRY--TOPICAL TERM | |
| Topical term or geographic name as entry element | Nursing Assessment |
| Form subdivision | Nurses' Instruction. |
| 9 (RLIN) | 30020 |
| 653 ## - INDEX TERM--UNCONTROLLED | |
| Resource For college | |
| Arrived date list | June2012 |
| 942 ## - ADDED ENTRY ELEMENTS (KOHA) | |
| Source of classification or shelving scheme | Dewey Decimal Classification |
| Item type | Book - Borrowing |
| Withdrawn status | Item status | Source of classification or shelving scheme | Damaged status | Not for loan | Vendor | Home library | Current library | Shelving location | Date acquired | Source of acquisition | Total Checkouts | Total Renewals | Full call number | Barcode | Date last seen | Date last borrowed | Koha item type |
|---|---|---|---|---|---|---|---|---|---|---|---|---|---|---|---|---|---|
| Dewey Decimal Classification | Donation-Gift | Central Library | Central Library | First floor | 06/06/2012 | 4 | 11 | 616.0751 JAR | 000026790 | 15/07/2025 | 28/02/2018 | Book - Borrowing |